Statistics for Geography Multiple-Choice #2

Click here to take the quiz!

General Stats

  • This quiz has been taken 26 times
  • The average score is 8 of 10

Answer Stats

QuestionAnswer% Correct
Which country is part of Europe?Malta
100%
What ocean borders Russia to the North?Arctic
95%
What country within these options isn't recognized as one by the UN?Taiwan
95%
What two countries landlock Mongolia?China and Russia
91%
What is the biggest country (by area) ending with -stan?Kazakhstan
91%
Capital of ArmeniaYerevan
86%
What is an example of weight unit in the USA?Pounds
82%
What is the mountain range on the eastern part of the United States?Appalachian
77%
Which country has the capital of Istanbul?None
64%
Which country borders Asia that's not in Asia?United States
41%

Score Distribution

Percentile by Number Answered

Percent of People with Each Score

Your Score History

You have not taken this quiz